Bytový dom

Salvato in:
Dettagli Bibliografici
Autore principale: Hobot, Peter (Autore)
Altri autori: Franek, Michal (Relatore della tesi)
Natura: Manoscritto Libro
Lingua:slovacco
Pubblicazione: 2016
Soggetti:
Accesso online:http://is.stuba.sk/zp/portal_zp.pl?podrobnosti=91464
https://opac.crzp.sk/?fn=detailBiblioForm&sid=B0ECE52FE577B8B952CE63E96922
Tags: Aggiungi Tag
Nessun Tag, puoi essere il primo ad aggiungerne!!

MARC

LEADER 00000ntm a22000003a 4500
001 stuzp56168
003 SK-STU
005 20230620104803.7
007 ta
008 150427s2015----xo-----f-mn---000-0-slo-d
040 |a STU  |b slo 
041 0 |a slo 
100 1 |a Hobot, Peter  |u 010180  |4 aut  |U SvF Stavebná fakulta  |T SvF Katedra konštrukcií pozemných stavieb  |X 42264  |U V180  |Y 18  |7 42264 
242 0 1 |a Residental house  |y eng 
245 1 0 |a Bytový dom 
260 |c 2016 
650 4 |a budova na bývanie  |2 slo 
650 4 |a projekt na realizáciu stavby  |2 slo 
650 4 |a výkresová dokumentácia  |2 slo 
650 4 |a dwelling building  |2 eng 
650 4 |a project for the realisation of construction  |2 eng 
650 4 |a drawing documentation  |2 eng 
700 1 |a Franek, Michal  |u 010180  |k Z3  |4 ths  |U SvF Stavebná fakulta  |T SvF Katedra konštrukcií pozemných stavieb  |X 49000  |U V180  |Y 18  |7 A000049000 
856 4 |u http://is.stuba.sk/zp/portal_zp.pl?podrobnosti=91464 
856 4 |u https://opac.crzp.sk/?fn=detailBiblioForm&sid=B0ECE52FE577B8B952CE63E96922 
SQL |a stuzp56168  |b DBP  |c SLO  |d Bytový dom  |e 42264  |f Hobot, Peter  |g 010180  |h 49000  |i Franek, Michal  |j 20160622  |k 4  |l 01  |m http://is.stuba.sk/zp/portal_zp.pl?podrobnosti=91464  |n B-PSA  |o 5.1.4. pozemné stavby, 5.1.1. architektúra a urbanizmus